000 00363nam a2200133Ia 4500
008 151001s9999||||xx |||||||||||||| ||und||
100 _a धुमकेतू
245 _aवाचीनिदेवी
250 _a1
260 _bलक्ष्य साहित्य दिल्ली
260 _c2005
300 _a291
365 _b21
999 _c986071
_d986068